Anti-Asian violence in North America : Asian American and Asian Canadian reflections on hate, healing, and resistance /

Bibliographic Details
Other Authors: Hall, Patricia Wong, 1951-, Hwang, Victor M., 1967-
Format: Book
Language:English
Published: Walnut Creek, CA : AltaMira, [2001]
Series:Critical perspectives on Asian Pacific Americans series.
Subjects:

MARC

Tag First Indicator Second Indicator Subfields
LEADER 00000cam a22000004a 4500
001 in00001613821
005 20151023054947.0
008 000623s2001 cauaf b 001 0 eng
010 |a  00056931  
020 |a 0742504581 (cloth : alk. paper) 
020 |a 074250459X (pbk. : alk. paper) 
035 |a (OCoLC)ocm44585807 
040 |a DLC  |c DLC  |d C#P  |d UtOrBLW 
042 |a pcc 
043 |a n-cn---  |a n-us--- 
049 |a TXAM 
050 0 0 |a HV6250.5.E75  |b A57 2001 
082 0 0 |a 364.1  |2 21 
245 0 0 |a Anti-Asian violence in North America :  |b Asian American and Asian Canadian reflections on hate, healing, and resistance /  |c edited by Patricia Wong Hall and Victor M. Hwang. 
264 1 |a Walnut Creek, CA :  |b AltaMira,  |c [2001] 
264 4 |c ©2001 
300 |a ix, 197 pages, 8 unnumbered pages of plates :  |b illustrations ;  |c 23 cm. 
336 |a text  |b txt  |2 rdacontent 
337 |a unmediated  |b n  |2 rdamedia 
338 |a volume  |b nc  |2 rdacarrier 
490 1 |a Critical perspectives on Asian Pacific Americans series 
504 |a Includes bibliographical references and index. 
650 0 |a Asian Americans  |x Crimes against. 
650 0 |a Asians  |x Crimes against  |z Canada. 
650 0 |a Hate crimes  |z United States. 
650 0 |a Hate crimes  |z Canada. 
700 1 |a Hall, Patricia Wong,  |d 1951- 
700 1 |a Hwang, Victor M.,  |d 1967- 
830 0 |a Critical perspectives on Asian Pacific Americans series. 
945 |i PromptCat 
948 |a cataloged  |b h  |c 2001/7/2  |d c  |e mphillip  |f 3:58:17 pm 
994 |a 92  |b TXA 
999 |a MARS 
999 f f |s 90fa20e6-0960-34c4-b909-4202bfbd7521  |i 15ef828e-627f-3a82-9d21-93931af2b585  |t 0 
952 f f |p ric  |a Texas A&M University  |b Rellis Campus  |c Joint Library Facility  |d Remote Storage  |t 0  |e HV6250.5.E75 A57 2001  |h Library of Congress classification  |i unmediated -- volume  |m A14827708561 
998 f f |a HV6250.5.E75 A57 2001  |t 0  |l Remote Storage